000 00306nam a2200133Ia 4500
008 220613s9999||||xx |||||||||||||| ||und||
100 _aT M ROBERSON
245 0 _aSTUREVANT ART AND SCIENCE OF OPRATIVE DENTISTRY
250 _a5TH
260 _bMOSBY
300 _a1006
650 _aDental
942 _cSURG
999 _c8276
_d8276